| 000 | 00389nam a2200145 4500 | ||
|---|---|---|---|
| 005 | 20260116102831.0 | ||
| 008 | 260116b |||||||| |||| 00| 0 eng d | ||
| 020 | _a9780357117811 | ||
| 100 | _aTilley Scott | ||
| 245 |
_aSystems Analysis and Design _c/Scott Tilley |
||
| 250 | _a12 ed | ||
| 260 |
_aUSA; _bCengage Learning, Inc; _c2020. |
||
| 300 |
_axvii; 488p.; _c28.1cm |
||
| 942 |
_2lcc _n0 _cBK |
||
| 999 |
_c125 _d125 |
||